[Event "Perpetuelles/Hivernal"]
[Site "Sherbrooke CAN"]
[Date "2009.02.06"]
[Round "1"]
[White "Guo, Forest"]
[Black "Cote, Marcel"]
[Result "1-0"]
[WhiteElo "1477"]
[BlackElo "1563"]
[PlyCount "113"]
[GameId "2160767910268913"]
[EventDate "2009.02.06"]
[EventType "swiss"]
[EventCountry "CAN"]

1. d4 d5 2. c4 dxc4 3. Nf3 c6 4. a4 b5 5. axb5 cxb5 6. Nc3 Bd7 7. e4 e6 8. Be2 Be7 9. O-O h5 10. b3 b4 11. Na4 c3 12. Ne5 Nc6 13. Bxh5 Nxe5 14. dxe5 g6 15. Be2 Qc7 16. Bf4 a6 17. Bg3 Rd8 18. Qc2 Bb5 19. Rfd1 Rb8 20. Bxb5+ axb5 21. Nb2 Qb7 22. Nd3 Qxe4 23. Ne1 Qb7 24. Qa2 Kf8 25. Qa7 Kg7 26. Rd7 Qc8 27. Nc2 Qe8 28. Kf1 Bh4 29. Ke2 Rh5 30. Rxf7+ Qxf7 31. Qxb8 Be7 32. Ne3 Bc5 33. Qxb5 Qc7 34. Ra5 Bb6 35. Ra6 c2 36. Rxb6 c1=Q 37. Rb7 Qb2+ 38. Kf3 Qe7 39. Rxe7+ Nxe7 40. Qxb4 Kf7 41. Qb7 Qc3 42. b4 Rf5+ 43. Ke4 Rh5 44. Qb5 Rh8 45. Qc5 Qd2 46. b5 Rc8 47. Qd6 Qb2 48. Bh4 Qb1+ 49. Kf3 Re8 50. b6 Qb3 51. Qc7 Kf8 52. Bf6 Nf5 53. g4 Ne7 54. b7 Qb5 55. Bxe7+ Kg8 56. Bf6 Qxb7+ 57. Qxb7 1-0

[Event "Perpetuelles/Hivernal"]
[Site "Sherbrooke CAN"]
[Date "2009.06.19"]
[Round "1"]
[White "Tremblay, Manuel"]
[Black "Allard dos Santos, Alexandre"]
[Result "1/2-1/2"]
[WhiteElo "1385"]
[BlackElo "1312"]
[PlyCount "89"]
[GameId "2160767910268914"]
[EventDate "2009.02.06"]
[EventType "swiss"]
[EventCountry "CAN"]

1. d4 d5 2. Nf3 Bf5 3. c4 c6 4. Nc3 Nf6 5. e3 e6 6. cxd5 cxd5 7. Qb3 Qc7 8. Bb5+ Nc6 9. Ne5 Bd6 10. O-O O-O 11. Bxc6 bxc6 12. f4 Bxe5 13. fxe5 Ne4 14. Nxe4 Bxe4 15. Qd1 c5 16. b3 Rac8 17. Ba3 f6 18. Bxc5 Rf7 19. exf6 Rxf6 20. Rxf6 gxf6 21. Qg4+ Kf7 22. Qh5+ Bg6 23. Qh4 Rg8 24. Rf1 Bf5 25. Qh5+ Bg6 26. Qh4 Bf5 27. Qf4 Qxf4 28. Rxf4 Be4 29. g3 a6 30. Rf2 h5 31. b4 h4 32. Bd6 hxg3 33. Bxg3 Rc8 34. Rb2 Rc2 35. Rxc2 Bxc2 36. Kf1 Kg6 37. Ke2 Kf5 38. Kd2 Ba4 39. a3 e5 40. dxe5 fxe5 41. Kc3 Ke4 42. Kd2 d4 43. exd4 exd4 44. h4 Be8 45. Bd6 1/2-1/2

[Event "Perpetuelles/Hivernal"]
[Site "Sherbrooke CAN"]
[Date "2009.07.07"]
[Round "1"]
[White "Soskic, Milan"]
[Black "Beaudry, Michel"]
[Result "0-1"]
[WhiteElo "1446"]
[BlackElo "1386"]
[PlyCount "162"]
[GameId "2160767910268915"]
[EventDate "2009.02.06"]
[EventType "swiss"]
[EventCountry "CAN"]

1. d4 d5 2. Nf3 Nc6 3. e3 Nf6 4. Bd3 Bd7 5. a3 e6 6. b3 Bd6 7. Bb2 O-O 8. Ne5 Ne7 9. Nd2 Ne8 10. O-O Ng6 11. f4 f5 12. Rf3 Nxe5 13. fxe5 Be7 14. Rh3 g6 15. Qe2 Ng7 16. Rf1 Nh5 17. g4 Ng7 18. Rf2 Rf7 19. Rg2 Qf8 20. b4 a6 21. Nf3 Bb5 22. gxf5 Bxd3 23. Qxd3 exf5 24. Ng5 Bxg5 25. Rxg5 Ne6 26. Rg2 Re8 27. c4 c6 28. c5 Rg7 29. Rf3 Ree7 30. Qf1 Rgf7 31. h4 f4 32. exf4 Nxf4 33. Rgf2 Nh5 34. Bc1 Rxf3 35. Rxf3 Rf7 36. Rxf7 Qxf7 37. Qxf7+ Kxf7 38. Bg5 Ng3 39. Be3 Nf5 40. Bf2 Ke6 41. Kg2 Ne7 42. Kf3 Kf5 43. Be3 Nc8 44. Bg5 Na7 45. Bd2 Nb5 46. Ke3 Nxa3 47. Kd3 Nb5 48. Be3 Nc7 49. Bg5 Ne6 50. Bd2 Kg4 51. Be1 h6 52. Bd2 g5 53. hxg5 hxg5 54. Ke3 Kf5 55. Be1 Kg4 56. Bf2 Kh3 57. Kd3 g4 58. Ke2 Kg2 59. Be3 g3 60. Kd3 Kf1 61. Kd2 g2 62. Kd3 g1=Q 63. Bxg1 Kxg1 64. Ke3 Kf1 65. Kd3 Kf2 66. Kc3 Ke3 67. b5 axb5 68. Kc2 Kxd4 69. Kd2 Kxe5 70. Kd3 Nxc5+ 71. Kc3 b6 72. Kc2 Kd4 73. Kd2 b4 74. Kc2 Ne4 75. Kd1 Kd3 76. Kc1 Ke2 77. Kb2 d4 78. Kb1 d3 79. Kb2 d2 80. Kb3 d1=Q+ 81. Kxb4 c5+ 0-1

[Event "Perpetuelles/Hivernal"]
[Site "Sherbrooke CAN"]
[Date "2009.03.27"]
[Round "2"]
[White "Cote, Marcel"]
[Black "Courteau, Bernard"]
[Result "0-1"]
[WhiteElo "1451"]
[BlackElo "1516"]
[PlyCount "82"]
[GameId "2160767910268916"]
[EventDate "2009.02.06"]
[EventType "swiss"]
[EventCountry "CAN"]

1. e4 c5 2. Bc4 d6 3. Qf3 Nf6 4. Nc3 Nc6 5. Bb5 a6 6. e5 axb5 7. exf6 Nd4 8. Qd1 b4 9. Ne4 exf6 10. Ne2 f5 11. N4g3 Qe7 12. O-O Nxe2+ 13. Nxe2 Qf6 14. Re1 Be7 15. Nf4 Be6 16. Qf3 Ra7 17. a3 O-O 18. Nh5 Qg6 19. h3 Bg5 20. b3 Re8 21. Bb2 f6 22. Nf4 Bxf4 23. Qxf4 b6 24. Qxd6 Rae7 25. Qxb6 Bd5 26. f3 Bxf3 27. g4 fxg4 28. Kf2 Re2+ 29. Rxe2 Rxe2+ 30. Kf1 gxh3 31. Qb8+ Re8 32. Qh2 Bg2+ 33. Kg1 Qxc2 34. Bxf6 gxf6 35. Qg3+ Qg6 36. Qxg6+ hxg6 37. a4 Re2 38. a5 Bd5 39. Kf1 Rxd2 40. Ke1 Rg2 41. Rd1 Rg1+ 0-1

[Event "Perpetuelles/Hivernal"]
[Site "Sherbrooke CAN"]
[Date "2009.03.27"]
[Round "2"]
[White "Galindo, Gabriel"]
[Black "Doucet, Jean-Pascal"]
[Result "1-0"]
[WhiteElo "1266"]
[BlackElo "1040"]
[PlyCount "24"]
[GameId "2160767910268917"]
[EventDate "2009.02.06"]
[EventType "swiss"]
[EventCountry "CAN"]

1. e4 e5 2. Nf3 Nc6 3. Bc4 Bc5 4. a4 h6 5. c3 a5 6. O-O Nf6 7. d3 d6 8. Be3 Bg4 9. Re1 Rg8 10. Qb3 Bxf3 11. Bxf7+ Kf8 12. Bxg8 Bh5 1-0

[Event "Perpetuelles/Hivernal"]
[Site "Sherbrooke CAN"]
[Date "2009.03.27"]
[Round "2"]
[White "Leclerc, Luc-Olivier"]
[Black "Belzil, Julien"]
[Result "1-0"]
[WhiteElo "1510"]
[BlackElo "1240"]
[PlyCount "57"]
[GameId "2160767910268918"]
[EventDate "2009.02.06"]
[EventType "swiss"]
[EventCountry "CAN"]

1. e4 e5 2. Nf3 Nc6 3. Nc3 Nf6 4. Nxe5 Nxe5 5. d4 Ng6 6. e5 Ng8 7. Bc4 Bb4 8. Qf3 Bxc3+ 9. bxc3 f6 10. O-O c6 11. Re1 Qe7 12. Bd2 Kd8 13. Qg3 Qf8 14. f4 f5 15. Bb3 b5 16. c4 d6 17. Ba5+ Kd7 18. cxb5 Bb7 19. bxc6+ Bxc6 20. exd6 Qxd6 21. Be6+ Ke8 22. Bxg8+ Ne7 23. Qxg7 Rxg8 24. Qxg8+ Kd7 25. Qg7 Rg8 26. Rxe7+ Qxe7 27. Qxg8 Qe3+ 28. Kh1 Qxd4 29. Qd8+ 1-0

[Event "Perpetuelles/Hivernal"]
[Site "Sherbrooke CAN"]
[Date "2009.03.27"]
[Round "2"]
[White "Mesly, Olivier"]
[Black "Evans, Rick"]
[Result "1-0"]
[WhiteElo "1259"]
[BlackElo "1119"]
[PlyCount "101"]
[GameId "2160767910268919"]
[EventDate "2009.02.06"]
[EventType "swiss"]
[EventCountry "CAN"]

1. d4 d5 2. Nf3 Nc6 3. e3 Bg4 4. Be2 Nf6 5. Nc3 Ne4 6. Nxe4 dxe4 7. Nd2 Bxe2 8. Qxe2 f5 9. Qh5+ g6 10. Qe2 Nb4 11. Qc4 a5 12. a3 Nd5 13. Qb5+ c6 14. Qxb7 Rc8 15. Nb3 Rc7 16. Qa6 e6 17. Nxa5 Ne7 18. Bd2 Qd7 19. Nb3 Ra7 20. Qc4 Nd5 21. O-O Nb6 22. Qe2 Na4 23. Rab1 c5 24. dxc5 Nxc5 25. Bc3 Rg8 26. Rfd1 Qc7 27. Qb5+ Kf7 28. Nxc5 Bxc5 29. g3 Bxa3 30. Ra1 Bc5 31. Rxa7 Qxa7 32. Rd7+ Qxd7 33. Qxd7+ Be7 34. Ba5 Ra8 35. b4 Kf6 36. h4 Ra6 37. c4 Rd6 38. Qa4 Bd8 39. Bxd8+ Rxd8 40. c5 h5 41. Qa1+ Ke7 42. b5 Rd5 43. Qc1 Kf6 44. b6 Rd8 45. c6 g5 46. hxg5+ Kxg5 47. c7 Rf8 48. c8=Q Rxc8 49. Qxc8 h4 50. gxh4+ Kxh4 51. Qg8 1-0

[Event "Perpetuelles/Hivernal"]
[Site "Sherbrooke CAN"]
[Date "2009.03.27"]
[Round "2"]
[White "Tremblay, Manuel"]
[Black "Guo, Forest"]
[Result "0-1"]
[WhiteElo "1412"]
[BlackElo "1498"]
[PlyCount "120"]
[GameId "2160767910268920"]
[EventDate "2009.02.06"]
[EventType "swiss"]
[EventCountry "CAN"]

1. d4 d5 2. Nf3 Nf6 3. c4 c6 4. Nc3 dxc4 5. e3 b5 6. a3 e6 7. b3 cxb3 8. Qxb3 Bb7 9. Be2 Nbd7 10. Bb2 Be7 11. O-O O-O 12. Rfd1 Qb6 13. Rac1 Rac8 14. Bd3 a6 15. Nd2 c5 16. dxc5 Nxc5 17. Qc2 Nxd3 18. Qxd3 Rfd8 19. Qe2 h6 20. Nf3 Nd5 21. Nxd5 Bxd5 22. Nd4 Bf6 23. Rxc8 Rxc8 24. Qd2 Bc4 25. Qc2 Qb7 26. Rc1 Rd8 27. a4 Bd5 28. axb5 axb5 29. Qc7 Bxg2 30. Qxb7 Bxb7 31. Rc7 Bd5 32. Ba3 Bxd4 33. exd4 Ra8 34. Bc1 Ra4 35. Be3 Ra1+ 36. Rc1 Rxc1+ 37. Bxc1 b4 38. Kf1 b3 39. Ke2 g5 40. Ke3 Kg7 41. f3 Kg6 42. Kf2 f5 43. Kg3 f4+ 44. Kf2 Kf5 45. h3 Kg6 46. Bb2 Kh5 47. Kg2 Kh4 48. Bc1 Kh5 49. Bb2 Kg6 50. Bc1 h5 51. Kf2 Kf5 52. Bb2 g4 53. fxg4+ hxg4 54. hxg4+ Kxg4 55. Bc1 Kf5 56. Bb2 Ke4 57. Ke2 Bc4+ 58. Kf2 Bd5 59. Ba1 Kd3 60. Bb2 Kc2 0-1

[Event "Perpetuelles/Hivernal"]
[Site "Sherbrooke CAN"]
[Date "2009.03.27"]
[Round "2"]
[White "Valiquette, Simon"]
[Black "Boutin, Andre"]
[Result "1-0"]
[WhiteElo "1647"]
[BlackElo "1451"]
[PlyCount "91"]
[GameId "2160767910268921"]
[EventDate "2009.02.06"]
[EventType "swiss"]
[EventCountry "CAN"]

1. c4 Nf6 2. g3 d5 3. Bg2 dxc4 4. Na3 c6 5. Qc2 Be6 6. Nxc4 Bxc4 7. Qxc4 e6 8. Nh3 Qd6 9. O-O Qb4 10. b3 Nbd7 11. d4 Nb6 12. Qxb4 Bxb4 13. Bb2 O-O 14. e4 Rfe8 15. a3 Be7 16. Nf4 Rac8 17. Rac1 Kf8 18. Nd3 Nfd7 19. f4 g6 20. Rc2 f5 21. Ne5 Nxe5 22. dxe5 Rcd8 23. exf5 gxf5 24. Rfc1 Rd7 25. Bf3 Red8 26. Kg2 Rd2+ 27. Kh3 Rxc2 28. Rxc2 Rd3 29. Rc3 Rxc3 30. Bxc3 Bxa3 31. Bd4 c5 32. Be3 Nd5 33. Bd2 b5 34. Kh4 Bb2 35. g4 fxg4 36. Kxg4 c4 37. bxc4 bxc4 38. Be4 h6 39. f5 c3 40. Bxh6+ Kf7 41. Bxd5 exd5 42. e6+ Ke8 43. f6 Ba3 44. f7+ Kd8 45. Bg5+ Kc7 46. e7 1-0

[Event "Perpetuelles/Hivernal"]
[Site "Sherbrooke CAN"]
[Date "2009.03.27"]
[Round "2"]
[White "Vallee, Francois"]
[Black "Allard dos Santos, Alexandre"]
[Result "0-1"]
[WhiteElo "978"]
[BlackElo "1302"]
[PlyCount "46"]
[GameId "2160767910268922"]
[EventDate "2009.02.06"]
[EventType "swiss"]
[EventCountry "CAN"]

1. c4 c6 2. Nf3 Nf6 3. d4 d5 4. c5 Bf5 5. Nc3 e6 6. Bg5 Be7 7. Bxf6 Bxf6 8. e3 h6 9. Bd3 Bxd3 10. Qxd3 O-O 11. O-O Nd7 12. Rfe1 b6 13. b4 bxc5 14. bxc5 Qa5 15. e4 Nxc5 16. Qc2 Nxe4 17. Nxe4 dxe4 18. Qxe4 c5 19. Rac1 cxd4 20. Nxd4 Qxa2 21. Re2 Qa3 22. Nb5 Qxc1+ 23. Re1 Qc5 0-1

[Event "Perpetuelles/Hivernal"]
[Site "Sherbrooke CAN"]
[Date "2009.05.26"]
[Round "2"]
[White "Allard dos Santos, Alexandre"]
[Black "Leclerc, Luc-Olivier"]
[Result "0-1"]
[WhiteElo "1312"]
[BlackElo "1453"]
[PlyCount "150"]
[GameId "2160767910268923"]
[EventDate "2009.02.06"]
[EventType "swiss"]
[EventCountry "CAN"]

1. e4 e5 2. Nf3 Nc6 3. Bc4 Nf6 4. d3 d5 5. exd5 Nxd5 6. h3 Nb6 7. Bb3 Be7 8. O-O O-O 9. Nc3 Kh8 10. Re1 Bd6 11. Be3 Bf5 12. Qd2 Qd7 13. Re2 Rae8 14. Ne4 Bg6 15. Rae1 f5 16. Nxd6 cxd6 17. Bxb6 axb6 18. Nh2 Nd4 19. Qb4 Nxe2+ 20. Rxe2 Qc7 21. Nf3 Qc5 22. Qe1 Bh5 23. Re3 f4 24. Re4 Bxf3 25. gxf3 Qc8 26. Kg2 Rf6 27. c3 Rh6 28. Qh1 Rf8 29. d4 exd4 30. Rxd4 Rff6 31. Re4 Rh5 32. Ba4 b5 33. Bb3 h6 34. c4 Rg6+ 35. Kf1 Rxh3 36. Re8+ Qxe8 37. Qxh3 bxc4 38. Bxc4 Rg5 39. b3 Re5 40. a4 Re1+ 41. Kg2 Qg6+ 42. Qg4 Qxg4+ 43. fxg4 g5 44. Bd5 b6 45. f3 Re5 46. Bb7 d5 47. Kf2 d4 48. Be4 Kg7 49. Ke2 b5 50. Kd3 bxa4 51. Kxd4 Rxe4+ 52. Kxe4 axb3 53. Kd3 Kf6 54. Kc3 b2 55. Kxb2 Kg6 56. Kc2 h5 57. gxh5+ Kxh5 58. Kd1 Kh4 59. Ke1 Kg3 60. Ke2 Kg2 61. Ke1 Kxf3 62. Kf1 Kg3 63. Kg1 f3 64. Kf1 f2 65. Ke2 Kg2 66. Ke3 f1=R 67. Ke2 Rf3 68. Ke1 Kg3 69. Ke2 Kf4 70. Kd2 g4 71. Ke1 g3 72. Ke2 g2 73. Kd2 g1=R 74. Ke2 Rg2+ 75. Kd1 Rf1# 0-1

[Event "Perpetuelles/Hivernal"]
[Site "Sherbrooke CAN"]
[Date "2009.05.27"]
[Round "2"]
[White "Beaudry, Michel"]
[Black "Valiquette, Simon"]
[Result "0-1"]
[WhiteElo "1400"]
[BlackElo "1506"]
[PlyCount "130"]
[GameId "2160767910268924"]
[EventDate "2009.02.06"]
[EventType "swiss"]
[EventCountry "CAN"]

1. e4 c5 2. Nf3 e6 3. d4 cxd4 4. Nxd4 Nf6 5. Nc3 Nc6 6. Nxc6 bxc6 7. a3 d5 8. exd5 cxd5 9. Bd3 a5 10. O-O Ba6 11. Bxa6 Rxa6 12. Qe2 Rc6 13. Bg5 Be7 14. Rac1 O-O 15. Nb5 Qb6 16. a4 Rfc8 17. Be3 Qa6 18. c3 Ne4 19. Qd1 Rb8 20. f3 Nc5 21. Bxc5 Rxc5 22. Rc2 Qb6 23. Kh1 Bf6 24. g3 Rbc8 25. Rff2 Rc4 26. Rcd2 Rxa4 27. Qxa4 Rc4 28. Qb3 a4 29. Qd1 Qxb5 30. Kg2 g6 31. h4 h5 32. Qe2 Qb7 33. Qd3 Qc7 34. Rc2 Qa5 35. Rf1 a3 36. bxa3 Qxa3 37. Rfc1 Rc7 38. Qd2 Rc4 39. Qd3 Kg7 40. Kf2 Qa6 41. Ke2 Be5 42. f4 Re4+ 43. Kd2 Qb6 44. Rf1 Bf6 45. Rf3 Qa5 46. Re3 Rd4 47. Qxd4 Bxd4 48. Rd3 Bf2 49. Ke2 Qb5 50. Rcd2 Bxg3 51. Kf3 Bxh4 52. Rd1 Qc4 53. Re3 Qc6 54. Ke2 Bf6 55. Rdd3 Qc4 56. Kf3 e5 57. fxe5 Qg4+ 58. Kf2 Bh4+ 59. Kf1 Qf4+ 60. Kg2 Qf2+ 61. Kh1 g5 62. e6 Qf1+ 63. Kh2 fxe6 64. Rf3 Qe2+ 65. Kh3 g4+ 0-1

[Event "Perpetuelles/Hivernal"]
[Site "Sherbrooke CAN"]
[Date "2009.05.27"]
[Round "2"]
[White "Tremblay, Manuel"]
[Black "Soskic, Milan"]
[Result "1/2-1/2"]
[WhiteElo "1412"]
[BlackElo "1446"]
[PlyCount "52"]
[GameId "2160767910268925"]
[EventDate "2009.02.06"]
[EventType "swiss"]
[EventCountry "CAN"]

1. d4 Nf6 2. c4 g6 3. Nc3 Bg7 4. e4 d6 5. Bd3 b6 6. Nge2 Bb7 7. O-O Nbd7 8. f3 O-O 9. Be3 e6 10. Qd2 Re8 11. Bg5 Qc8 12. Rae1 e5 13. d5 a6 14. Ng3 Nc5 15. Bc2 b5 16. b4 Ncd7 17. f4 c5 18. dxc6 Qxc6 19. cxb5 axb5 20. Bb3 Nb6 21. f5 Nc4 22. Qc1 Ng4 23. Nd5 f6 24. Bd2 Nxd2 25. Qxd2 Bh6 26. Qe2 Kg7 1/2-1/2

[Event "Perpetuelles/Hivernal"]
[Site "Sherbrooke CAN"]
[Date "2009.04.17"]
[Round "3"]
[White "Belzil, Julien"]
[Black "Chelkowski, Szczepan"]
[Result "1-0"]
[WhiteElo "1240"]
[BlackElo "1184"]
[PlyCount "55"]
[GameId "2160767910268926"]
[EventDate "2009.02.06"]
[EventType "swiss"]
[EventCountry "CAN"]

1. c4 e5 2. e4 Nf6 3. d3 Be7 4. Nc3 O-O 5. Nf3 d6 6. Be3 c6 7. Qd2 Nbd7 8. O-O-O a6 9. h3 b5 10. g4 Nc5 11. g5 Ne8 12. Bxc5 dxc5 13. h4 g6 14. Nxe5 Qd6 15. f4 a5 16. Qf2 a4 17. cxb5 cxb5 18. Nxb5 Qb8 19. d4 Ba6 20. Nd7 Qb7 21. Nxf8 Bxb5 22. Bg2 Rc8 23. Kb1 Bxf8 24. e5 Qa6 25. d5 a3 26. e6 axb2 27. exf7+ Kxf7 28. d6 1-0

[Event "Perpetuelles/Hivernal"]
[Site "Sherbrooke CAN"]
[Date "2009.04.17"]
[Round "3"]
[White "Boutin, Andre"]
[Black "Allard dos Santos, Alexandre"]
[Result "0-1"]
[WhiteElo "1451"]
[BlackElo "1311"]
[PlyCount "64"]
[GameId "2160767910268927"]
[EventDate "2009.02.06"]
[EventType "swiss"]
[EventCountry "CAN"]

1. e3 e5 2. e4 Nf6 3. c3 Bc5 4. d4 exd4 5. cxd4 Bb6 6. Nc3 O-O 7. e5 Ne8 8. Nf3 d6 9. Bg5 f6 10. Bc4+ Kh8 11. exf6 Nxf6 12. O-O h6 13. Bxf6 Rxf6 14. Nd5 Rf8 15. Nxb6 axb6 16. Re1 Bg4 17. Re3 Nc6 18. Qd3 Qf6 19. Rd1 Ra4 20. a3 d5 21. Bb5 Rxd4 22. Qc2 Rxd1+ 23. Qxd1 d4 24. Rb3 Ne5 25. Be2 d3 26. Rxd3 Nxd3 27. Qxd3 Qxb2 28. h3 Bxf3 29. Bxf3 Qc1+ 30. Kh2 c6 31. Qd6 Qf4+ 32. Qxf4 Rxf4 0-1

[Event "Perpetuelles/Hivernal"]
[Site "Sherbrooke CAN"]
[Date "2009.04.17"]
[Round "3"]
[White "Cote, Marcel"]
[Black "Tremblay, Manuel"]
[Result "1-0"]
[WhiteElo "1563"]
[BlackElo "1412"]
[PlyCount "63"]
[GameId "2160767910264832"]
[EventDate "2009.02.06"]
[EventType "swiss"]
[EventCountry "CAN"]

1. e4 e5 2. Nf3 Nc6 3. Bb5 a6 4. Bxc6 dxc6 5. O-O Bg4 6. d3 Nf6 7. Bg5 Be7 8. Nbd2 O-O 9. Qc1 Bxf3 10. Nxf3 Qd6 11. Nh4 g6 12. f4 Qd4+ 13. Kh1 Ng4 14. Qd2 Bc5 15. h3 Nf2+ 16. Kh2 Nxe4 17. Qe2 Nxg5 18. c3 Qd8 19. fxg5 Qxg5 20. Nf3 Qe7 21. a3 Bd6 22. Kh1 Rae8 23. Qf2 f5 24. Qa7 Rb8 25. Qe3 Rbe8 26. Qh6 Qg7 27. Qh4 e4 28. dxe4 fxe4 29. Ng5 Rxf1+ 30. Rxf1 Be7 31. Qxe4 Bxg5 32. Qxe8+ 1-0

[Event "Perpetuelles/Hivernal"]
[Site "Sherbrooke CAN"]
[Date "2009.04.17"]
[Round "3"]
[White "Evans, Rick"]
[Black "Morin, Louis2"]
[Result "1-0"]
[WhiteElo "1119"]
[BlackElo "1915"]
[PlyCount "43"]
[GameId "2160767910264833"]
[EventDate "2009.02.06"]
[EventType "swiss"]
[EventCountry "CAN"]

1. e4 e5 2. Nf3 d6 3. d3 Be7 4. Nc3 c6 5. d4 Nd7 6. Bc4 Nh6 7. Qd2 exd4 8. Qxd4 Ne5 9. Nxe5 dxe5 10. Qxe5 O-O 11. Bxh6 Bf6 12. Qg3 Qd4 13. Be3 Qxc4 14. O-O-O h6 15. e5 Bg5 16. Bxg5 hxg5 17. Qxg5 Re8 18. Rhe1 g6 19. Re4 Qe6 20. Rde1 Qf5 21. Qh6 Be6 22. Rh4 1-0

[Event "Perpetuelles/Hivernal"]
[Site "Sherbrooke CAN"]
[Date "2009.04.17"]
[Round "3"]
[White "Guo, Forest"]
[Black "Courteau, Bernard"]
[Result "0-1"]
[WhiteElo "1498"]
[BlackElo "1516"]
[PlyCount "48"]
[GameId "2160767910264834"]
[EventDate "2009.02.06"]
[EventType "swiss"]
[EventCountry "CAN"]

1. e4 c5 2. Nf3 d6 3. d4 cxd4 4. Nxd4 Nf6 5. Nc3 a6 6. Be3 b5 7. f3 g6 8. Qd2 Bg7 9. O-O-O O-O 10. g4 Nfd7 11. Nb3 Nc6 12. h4 Nde5 13. Be2 Be6 14. Bh6 f6 15. Bxg7 Kxg7 16. Rdg1 Na5 17. Nxa5 Qxa5 18. f4 Nc4 19. Bxc4 Bxc4 20. b3 Rac8 21. bxc4 Rxc4 22. Rg3 Qa3+ 23. Kb1 Rb4+ 24. Ka1 Qb2# 0-1

[Event "Perpetuelles/Hivernal"]
[Site "Sherbrooke CAN"]
[Date "2009.04.17"]
[Round "3"]
[White "Leclerc, Luc-Olivier"]
[Black "Valiquette, Simon"]
[Result "0-1"]
[WhiteElo "1510"]
[BlackElo "1649"]
[PlyCount "24"]
[GameId "2160767910264835"]
[EventDate "2009.02.06"]
[EventType "swiss"]
[EventCountry "CAN"]

1. f3 f5 2. f4 b6 3. Nf3 Nf6 4. e3 Bb7 5. Be2 d6 6. b3 e5 7. fxe5 dxe5 8. Nxe5 Bxg2 9. Bh5+ g6 10. Bf3 Bxh1 11. Bxh1 Ne4 12. Bxe4 Qh4+ 0-1

[Event "Perpetuelles/Hivernal"]
[Site "Sherbrooke CAN"]
[Date "2009.06.19"]
[Round "3"]
[White "Leclerc, Luc-Olivier"]
[Black "Beaudry, Michel"]
[Result "1-0"]
[WhiteElo "2400"]
[BlackElo "2400"]
[PlyCount "101"]
[GameId "2160767910264836"]
[EventDate "2009.02.06"]
[EventType "swiss"]
[EventCountry "CAN"]

1. e4 c5 2. d4 cxd4 3. c3 dxc3 4. Nxc3 Nc6 5. Nf3 d6 6. Bc4 e6 7. Bf4 e5 8. Bg5 Be7 9. Bxe7 Ngxe7 10. Nb5 Qa5+ 11. Qd2 Qxd2+ 12. Nxd2 O-O 13. Nxd6 Be6 14. O-O Bxc4 15. N2xc4 f5 16. exf5 Nxf5 17. Nxb7 Ncd4 18. Nbd6 Nxd6 19. Nxd6 Rad8 20. Ne4 Rc8 21. Nc3 Rf5 22. Rae1 Rcf8 23. Re4 h5 24. Ne2 Nc6 25. Ng3 Rg5 26. Rc1 Nd4 27. Rc5 Re8 28. h4 Rg4 29. Rexe5 Rxe5 30. Rxe5 Rg6 31. Rxh5 Rc6 32. Rd5 Ne6 33. Rd2 Rc7 34. Ne4 Rf7 35. Ng5 Nxg5 36. hxg5 Kh7 37. g3 Kg6 38. f4 Kf5 39. Kg2 Kg4 40. a3 Re7 41. Kf2 Rb7 42. b4 Rc7 43. Rd3 Rc2+ 44. Ke3 Kxg3 45. Ke4+ Kg4 46. Rd4 Rc7 47. Ke5 Rf7 48. Ke6 Rxf4 49. Rxf4+ Kxf4 50. g6 Kg5 51. Kf7 1-0

[Event "Perpetuelles/Hivernal"]
[Site "Sherbrooke CAN"]
[Date "2009.06.19"]
[Round "3"]
[White "Valiquette, Simon"]
[Black "Tremblay, Manuel"]
[Result "1-0"]
[WhiteElo "1506"]
[BlackElo "1385"]
[PlyCount "53"]
[GameId "2160767910264837"]
[EventDate "2009.02.06"]
[EventType "swiss"]
[EventCountry "CAN"]

1. c4 g6 2. g3 Nf6 3. Bg2 Bg7 4. Nc3 O-O 5. Nf3 d6 6. d3 c5 7. O-O Nc6 8. a3 Bg4 9. h3 Bxf3 10. Bxf3 Qd7 11. Kh2 Rab8 12. b4 Nd4 13. Bg2 b5 14. bxc5 dxc5 15. cxb5 Nxb5 16. Nxb5 Rxb5 17. Ra2 Nd5 18. Bd2 Rfb8 19. Qa4 Nc3 20. Bxc3 Bxc3 21. Rc2 Qd4 22. Qxa7 Rb2 23. Rxb2 Rxb2 24. Qxe7 Ra2 25. Rb1 Bb2 26. a4 Qxa4 27. Bd5 1-0

[Event "Perpetuelles/Hivernal"]
[Site "Sherbrooke CAN"]
[Date "2009.05.08"]
[Round "4"]
[White "Allard dos Santos, Alexandre"]
[Black "Cote, Marcel"]
[Result "0-1"]
[WhiteElo "1311"]
[BlackElo "1563"]
[PlyCount "149"]
[GameId "2160767910264838"]
[EventDate "2009.02.06"]
[EventType "swiss"]
[EventCountry "CAN"]

1. e4 Nc6 2. d4 d5 3. e5 Bf5 4. Nc3 e6 5. Nf3 Bb4 6. Bd2 Bg4 7. a3 Bxf3 8. gxf3 Bxc3 9. Bxc3 f6 10. f4 f5 11. Bd3 g6 12. Qe2 a6 13. O-O-O Qh4 14. Qe3 Nh6 15. f3 b5 16. Rdg1 Rb8 17. Be1 Qe7 18. h4 a5 19. h5 Qf7 20. hxg6 hxg6 21. Bh4 Ng8 22. Bg5 Rh7 23. Bf1 b4 24. a4 Nd8 25. Bg2 Qg7 26. Rxh7 Qxh7 27. Rh1 Qg7 28. Bf1 c6 29. Rh2 Nf7 30. Qg1 b3 31. c3 Rb7 32. Qh1 Nxg5 33. fxg5 Rc7 34. f4 Kd8 35. Kd2 Kc8 36. Rh8 Kb7 37. Rh3 Qd7 38. Qf3 c5 39. Bb5 Qe7 40. Qe3 c4 41. Rh8 Qf8 42. Qh3 Kb8 43. Rh7 Rb7 44. Rxb7+ Kxb7 45. Qh7+ Ne7 46. Bd7 Kb6 47. Bxe6 Qe8 48. Bf7 Qxa4 49. Bxg6 Qa2 50. Qxe7 Qxb2+ 51. Ke3 Qxc3+ 52. Kf2 Qxd4+ 53. Ke2 Qe4+ 54. Kd1 Qf3+ 55. Ke1 Qg3+ 56. Ke2 Qg2+ 57. Ke1 Qe4+ 58. Kd1 Qd3+ 59. Ke1 Qc3+ 60. Ke2 Qc2+ 61. Ke1 c3 62. Qd6+ Kb5 63. Qxd5+ Ka4 64. Be8+ Ka3 65. Qxa5+ Kb2 66. g6 Qd2+ 67. Kf1 Qxf4+ 68. Ke1 c2 69. Qd2 Qxd2+ 70. Kxd2 c1=Q+ 71. Kd3 Qf1+ 72. Kd4 Kc2 73. Ba4 Qg1+ 74. Kd5 Qxg6 75. Kd4 0-1

[Event "Perpetuelles/Hivernal"]
[Site "Sherbrooke CAN"]
[Date "2009.05.08"]
[Round "4"]
[White "Boutin, Andre"]
[Black "Belzil, Julien"]
[Result "1/2-1/2"]
[WhiteElo "1451"]
[BlackElo "1240"]
[PlyCount "132"]
[GameId "2160767910264839"]
[EventDate "2009.02.06"]
[EventType "swiss"]
[EventCountry "CAN"]

1. e4 c6 2. d3 d5 3. Be2 dxe4 4. dxe4 Qxd1+ 5. Bxd1 e5 6. Be3 Nf6 7. f3 Be6 8. Ne2 Be7 9. c3 O-O 10. Nd2 Nbd7 11. Bb3 Bxb3 12. Nxb3 b6 13. Ng3 g6 14. Ke2 c5 15. Rad1 c4 16. Na1 Rfd8 17. Rd2 Ne8 18. Rhd1 Nd6 19. Rxd6 Bxd6 20. Rxd6 Kg7 21. Nh1 h6 22. Nf2 Nf8 23. Rxd8 Rxd8 24. Nc2 Rd6 25. Nb4 a5 26. Nd5 Nd7 27. Nc7 Rc6 28. Nb5 f5 29. g3 Rf6 30. exf5 gxf5 31. f4 Re6 32. fxe5 Nxe5 33. Nc7 Rc6 34. Bd4 Kf6 35. Nd5+ Ke6 36. Nxb6 Nd7 37. Na4 Kf7 38. Nd1 Re6+ 39. Ne3 h5 40. Kf3 Ne5+ 41. Bxe5 Rxe5 42. Nxc4 Re1 43. Nxa5 Re8 44. Nc6 Ra8 45. b3 Rc8 46. Nd4 Kf6 47. Kf4 Re8 48. Nxf5 Re2 49. Ne3 Rxa2 50. Nc4 Rxh2 51. b4 Rf2+ 52. Ke3 Rg2 53. Kf3 Ra2 54. Nab2 Kf5 55. b5 Ra1 56. b6 Ra8 57. b7 Rb8 58. Nd6+ Ke6 59. Nbc4 Kd7 60. Kf4 Kc7 61. Kg5 Rg8+ 62. Kxh5 Rxg3 63. Kh4 Rxc3 64. Kg5 Rb3 65. Kf5 Rxb7 66. Nxb7 Kxb7 1/2-1/2

[Event "Perpetuelles/Hivernal"]
[Site "Sherbrooke CAN"]
[Date "2009.05.08"]
[Round "4"]
[White "Chelkowski, Szczepan"]
[Black "Vallee, Francois"]
[Result "1-0"]
[WhiteElo "1224"]
[BlackElo "978"]
[PlyCount "71"]
[GameId "2160767910264840"]
[EventDate "2009.02.06"]
[EventType "swiss"]
[EventCountry "CAN"]

1. e4 e6 2. Nf3 d5 3. e5 a6 4. d4 Nc6 5. c3 f5 6. Bd3 h6 7. a3 Bd7 8. b3 Na7 9. O-O g5 10. h3 Qe7 11. Nfd2 O-O-O 12. a4 g4 13. hxg4 fxg4 14. Qxg4 Qg5 15. Qxg5 hxg5 16. b4 Be7 17. b5 a5 18. c4 b6 19. c5 bxc5 20. dxc5 Bxc5 21. Nb3 Bb6 22. Bd2 c5 23. bxc6 Nxc6 24. Ba6+ Kc7 25. Na3 Nxe5 26. Rac1+ Kb8 27. Nxa5 Bxa5 28. Bxa5 Rf8 29. Rc7 Bc6 30. Nb5 Bxb5 31. axb5 Nf6 32. Rfc1 Nc4 33. Rb7+ Ka8 34. Bb4 Rb8 35. Rf7 Ne4 36. Ra1 1-0